Terres vivantes : (Record no. 14181)
[ view plain ]
| 000 -LEADER | |
|---|---|
| fixed length control field | 00522cam a22001691i 4500 |
| 020 ## - INTERNATIONAL STANDARD BOOK NUMBER | |
| ISBN | 2259002153 |
| 040 ## - CATALOGING SOURCE | |
| Transcribing agency | MnNC |
| 082 ## - DEWEY DECIMAL CLASSIFICATION NUMBER | |
| Classification number | 338 PLO 1961 A065 Co. |
| 100 1# - MAIN ENTRY--AUTHOR NAME | |
| Personal name | Dumont, René, |
| 245 10 - TITLE STATEMENT | |
| Title | Terres vivantes : |
| Remainder of title | voyages d'un agronome autour du monde / |
| 260 ## - PUBLICATION, DISTRIBUTION, ETC. (IMPRINT) | |
| Place of publication | [Paris] : |
| Name of publisher | Plon |
| Year of publication | [1961] |
| 300 ## - PHYSICAL DESCRIPTION | |
| Number of Pages | 334 p. : |
| Other physical details | ill., maps. ; |
| Dimensions | 20 cm. |
| 490 0# - SERIES STATEMENT | |
| Series statement | Terre humaine ; civilisations et sociétés. Collection d'études et de témoignages |
| 650 #0 - SUBJECT ADDED ENTRY--TOPICAL TERM | |
| Topical Term | Agriculture |
| 650 #0 - SUBJECT ADDED ENTRY--TOPICAL TERM | |
| Topical Term | Agriculture and state. |
| 942 ## - ADDED ENTRY ELEMENTS (KOHA) | |
| Koha item type | សៀវភៅភាសាបារាំង |
| 952 ## - LOCATION AND ITEM INFORMATION (KOHA) | |
| Withdrawn status [LOCAL, KOHA] | 0 |
| Permanent Location | Date acquired | Koha item type | Lost status | Shelving location | Barcode | Current Location | Full call number |
|---|---|---|---|---|---|---|---|
| Library Block A | 2017-10-09 | សៀវភៅភាសាបារាំង | A065 | A18910 | Library Block A | 338 PLO 1961 A065 Co. |